000 00636nam a22002297a 4500
003 UA-OsUOA
001 120564
007 ta
008 20170207b un ||||| |||| 00| 0 ukr d
100 _aАдамович В.
090 _a821.161.2
_bА28
942 _cBK
040 _aUA-OsUOA
_bukr
_cUA-OsUOA
_dUA-OsUOA
245 _aДорогами кривди
_bоповідання, новели
300 _a124 с.
955 _a3
041 _aukr
080 _a821.161.2
260 _aКременець
_bПапірус
_c2006
650 7 _a82 Література. Літературознавство
_2UDC
999 _c406618
_d406618